000 01196nam a2200313 i 4500
003 EG-GICUC
005 20260218093537.0
008 260112s1978 ua |||fr|||| 00| 0 ara d
040 _a EG-GICUC
_bara
_c EG-GICUC
_d EG-GICUC
_erda
041 0 _aAra
082 0 4 _221
_a343.3721
_bع ب . د
092 0 4 _221
099 _aLaw1 10 343.3721 ع ب . د 1978
100 0 _aعبدالعظيم مرسى وزير
_eمؤلف.
245 1 0 _aدور القضاء فى تنفيذ الجزاءات الجنائية :
_bدراسة مقارنة،
_cتأليف دكتور عبدالعظيم مرسى وزير.
264 1 _aالقاهرة :
_bدار النهضة العربية،
_c1978.
300 _a862 صفحة؛
_c24 سم.
336 _2rda content
_atext
337 _2rda media
_aComputer
338 _2rda carrier
_aOnline Resource
504 _aببليوجرافيا: صفحات787-816.
546 _aالنص باللغة العربية
650 1 _aالقضاء الجنائى العادى
_2qrmak
650 1 _aالشريعة الإسلامية
_2qrmak
651 1 _2qrmak
856 4 0 _uhttps://fll.law.cu.edu.eg/fulltext/bks/B10-07747.pdf
905 _a54
942 _2ddc
_cBK
_e21
_n0
999 _c56644
_d56644